Zwycięzcy ligi angielskiej - Statystyki

Ogólne statystyki
  • Ten quiz został rozwiązany 48 razy
  • Średni wynik to 12 z 24
Statystyki odpowiedzi
Podpowiedź Klub % Poprawnych
13 Arsenal
100%
10 Manchester City
100%
6 Chelsea
98%
19 Liverpool
98%
20 Manchester United
98%
2 Tottenham
80%
7 Aston Villa
75%
9 Everton
70%
2 Leicester City
68%
1 Nottingham Forest
68%
3 Blackburn Rovers
50%
4 Newcastle United
43%
3 Leeds United
41%
6 Sunderland
39%
1 Sheffield United
32%
4 Sheffield Wednesday
27%
3 Wolverhampton
27%
2 Derby County
25%
1 Ipswich Town
25%
2 Burnley
23%
2 Portsmouth
20%
2 Preston North End
18%
1 West Bromwich Albion
16%
3 Huddersfield Town
7%
Nie znaleziono quizów pasujących do podanych kryteriów
Rozkład punktacji
Procent ludzi z każdym wynikiem
Percentyl według liczby udzielonych odpowiedzi
Twoja historia wyników
Nie rozwiązałeś tego quizu